00961cam a2200289 a 450000100060000000300100000600500170001600700030003300800410003602000150007704000120009204100080010404300120011208200260012410000430015024500940019325000180028730000260030533600270033133700330035833800280039150400290041965000520044865000580050065000550055865000580061360367CO-BoRNBP20260130163552.0ta000628s1999 ck r 00010 spa d a9589647979 ala cla0 aspa as-ck---04a574.5 bP17t 219 ed.1 aPastrana Borrero, Misael, d1923-1997.10aTextos y testimonios en torno al medio ambiente : b1969-1995 /cMisael Pastrana Borrero. a1a. edición axv, 157 p. ; c29 cm. 2rdacontentatextobtxt 2rdamediaasin mediaciónbn 2rdacarrieravolumenbnc aIncluye bibliografías. 7aMedio ambientez Colombiay 1969-1995.2BLAAUTO 7aPolítica ambientalz Colombiay 1969-1995.2BLAAUTO 7aControl ambientalz Colombiay 1969-1995.2BLAAUTO 7aEconomía ambientalz Colombiay 1969-1995.2BLAAUTO